书目信息 |
| 题名: |
自然科学学科简介
|
|
| 作者: | 河北电力学院 编 | |
| 分册: | ||
| 出版信息: | 北京 科学出版社 1972 |
|
| 页数: | 67页 | |
| 开本: | 20cm | |
| 丛书名: | ||
| 单 册: | ||
| 中图分类: | TM7 | |
| 科图分类: | ||
| 主题词: | 输电--电力工程 , 配电系统--电力工程 , 电力系统 | |
| 电子资源: | ||
| ISBN: | ||
| 000 | 00694nam0 2200241 450 | |
| 001 | 0750912281 | |
| 005 | 20070802105236.79 | |
| 010 | @dCNY0.17 | |
| 100 | @a20070801d1972 km y0chiy0120 ea | |
| 101 | 0 | @achi |
| 102 | @aCN@b110000 | |
| 200 | 1 | @a自然科学学科简介@Azi ran ke xue xue ke jian jie@e电力工程@f河北电力学院编@Fhe bei dian li xue yuan bian |
| 210 | @a北京@c科学出版社@d1972 | |
| 215 | @a67页@d20cm | |
| 300 | @a试行本 | |
| 517 | 1 | @a电力工程@Adian li gong cheng |
| 606 | 0 | @a输电@x电力工程 |
| 606 | 0 | @a配电系统@x电力工程 |
| 606 | 0 | @a电力系统 |
| 690 | @aTM7@v3 | |
| 701 | 0 | @a河北电力学院@Ahe bei dian li xue yuan@4编 |
| 801 | 0 | @aCN@bPFT@c20070802 |
| 905 | @a10447@dTM7@e29 | |
| 自然科学学科简介:电力工程/河北电力学院编.-北京:科学出版社,1972 |
| 67页;20cm |
| 试行本 |
| ISBN :CNY0.17 |
| ● |
| 相关链接 |
|
|
|
|
正题名:自然科学学科简介
索取号:TM7/29
 
预约/预借
| 序号 | 登录号 | 条形码 | 馆藏地/架位号 | 状态 | 备注 |
| 1 | 0790688 | 207906881 | 第二样本阅览室/ [索取号:TM7/29] | 在馆 |